Middle Earth Places 2 - Sudden Death - Statistics

General Stats
  • This quiz has been taken 38 times
  • The average score is 6 of 14
Answers on the Grid
Answers color-coded by a green-red scale on the quiz's grid according to % correct below.
Adûnaic
Benambra
Black Mountains
Carach Yambuk
Chetwynd
Cirith Gorgor
Cirith Ninniach
Cirith Tolsig
Cudgewa
Dergholm
Drik Drik
Ephel Dúath
Halls Gap
Khamûl
Koroit
Korong Vale
Lake Eppalock
Lake Evendim
Langwell
Lossarnach
Lothlorien
Lurg
Minas Ithil
Mirkwood
Moria
Moyhu
Rhovanion
Strathdownie
Tol Anduin
Tol Eressëa
White Mountains
Winnap
 
Answer Stats
Answer % Correct
Lothlorien
100%
Moria
100%
Mirkwood
80%
Minas Ithil
60%
Cirith Gorgor
40%
Rhovanion
40%
Ephel Dúath
30%
Tol Eressëa
30%
Khamûl
20%
Lossarnach
20%
White Mountains
20%
Lake Evendim
10%
Langwell
10%
Cirith Ninniach
0%
No matching quizzes found
Score Distribution
Percent of People with Each Score
Percentile by Number Answered
Your Score History
You have not taken this quiz